[Event "GRE-chT 42nd"]
[Site "Porto Rio"]
[Date "2014.06.29"]
[Round "2.3"]
[White "Goumas, Ioannis"]
[Black "Kounalakis, Evryklis"]
[Result "1-0"]
[WhiteElo "2200"]
[BlackElo "2190"]
[PlyCount "35"]
[EventDate "2014.06.28"]
[EventType "team-swiss"]
[EventRounds "7"]
[EventCountry "GRE"]
[SourceTitle "CBM 161 Extra"]
[Source "ChessBase"]
[SourceDate "2014.08.29"]
[SourceVersion "1"]
[SourceVersionDate "2014.08.29"]
[SourceQuality "1"]
[WhiteTeam "Korydallos"]
[BlackTeam "OFI"]
[WhiteTeamCountry "GRE"]
[BlackTeamCountry "GRE"]

1. e4 c6 2. d3 d5 3. Nd2 e5 4. Ngf3 Bd6 5. d4 exd4 6. Bd3 Ne7 7. 0-0 0-0 8. Re1 h6 9. e5 Bc7 10. Nxd4 Nd7 11. N2f3 Nc5 12. h3 a6 13. Bd2 Nxd3 14. cxd3 c5 15. Nb3 b6 16. d4 c4 17. Nc1 Nc6 18. Ne2 1-0

[Event "Heraklio op 15th"]
[Site "Athens"]
[Date "2012.06.15"]
[Round "7"]
[White "Rigopoulos Tsigkos, Alexandros"]
[Black "Goumas, Ioannis"]
[Result "0-1"]
[WhiteElo "2076"]
[BlackElo "2202"]
[PlyCount "116"]
[EventDate "2012.06.09"]
[EventType "swiss"]
[EventRounds "9"]
[EventCountry "GRE"]
[SourceTitle "CBM 148 Extra"]
[Source "ChessBase"]
[SourceDate "2012.06.22"]
[SourceVersion "1"]
[SourceVersionDate "2012.06.22"]
[SourceQuality "1"]

1. d4 Nf6 2. c4 g6 3. Nc3 Bg7 4. e4 d6 5. Nf3 0-0 6. Be2 Bg4 7. 0-0 Nfd7 8. Be3 Nc6 9. Rc1 Bxf3 10. Bxf3 e5 11. d5 Nd4 12. Nb5 Nxf3+ 13. Qxf3 a6 14. Na3 b6 15. Qe2 Qh4 16. f3 f5 17. Bf2 Qe7 18. b4 fxe4 19. fxe4 Bh6 20. Rc2 Rf4 21. g3 Rf7 22. c5 dxc5 23. bxc5 bxc5 24. Be3 Rxf1+ 25. Kxf1 Rf8+ 26. Kg2 Bxe3 27. Qxe3 Qf6 28. Qe2 c6 29. d6 Kg7 30. Nc4 Rf7 31. Rd2 Nf8 32. Ne3 h5 33. Rd1 Ne6 34. Rf1 Qg5 35. h4 Qd8 36. Rxf7+ Kxf7 37. Nc4 Qf6 38. Qb2 Nd4 39. d7 Ke6 40. Nxe5 Kxe5 41. Qb8+ Kxe4 42. Qe8+ Ne6 43. d8Q Qxd8 44. Qxe6+ Kd4 45. Qxg6 Qd5+ 46. Kg1 Ke3 47. Qg5+ Qxg5 48. hxg5 c4 49. g6 c3 50. g7 c2 51. g8Q c1Q+ 52. Kh2 Qc2+ 53. Kh3 Qf5+ 54. Kh2 Qd5 55. Qe8+ Kd3 56. a3 a5 57. Qe1 Kc2 58. Kh3 Qd7+ 0-1

[Event "Heraklio op 15th"]
[Site "Athens"]
[Date "2012.06.10"]
[Round "2"]
[White "Goumas, Ioannis"]
[Black "Koutourinis, Apostolos"]
[Result "1/2-1/2"]
[WhiteElo "2202"]
[BlackElo "1964"]
[PlyCount "39"]
[EventDate "2012.06.09"]
[EventType "swiss"]
[EventRounds "9"]
[EventCountry "GRE"]
[SourceTitle "CBM 148 Extra"]
[Source "ChessBase"]
[SourceDate "2012.06.22"]
[SourceVersion "1"]
[SourceVersionDate "2012.06.22"]
[SourceQuality "1"]

1. e4 c5 2. Nf3 d6 3. c3 Nf6 4. Be2 g6 5. 0-0 Bg7 6. Re1 0-0 7. Bf1 Bg4 8. h3 Bxf3 9. Qxf3 Nc6 10. d3 e5 11. Na3 d5 12. exd5 Qxd5 13. Qxd5 Nxd5 14. Nc4 Rad8 15. g3 b5 16. Ne3 Nde7 17. Nc2 b4 18. Bg5 bxc3 19. bxc3 h6 20. Bxe7 1/2-1/2

[Event "Athens op 03-A"]
[Site "Athens"]
[Date "2012.04.10"]
[Round "6"]
[White "Kourkoulos Arditis, Stamatis"]
[Black "Goumas, Ioannis"]
[Result "1/2-1/2"]
[WhiteElo "2150"]
[BlackElo "2178"]
[PlyCount "167"]
[EventDate "2012.03.06"]
[EventType "swiss"]
[EventRounds "7"]
[EventCountry "GRE"]
[SourceTitle "EXT 2014"]
[Source "ChessBase"]
[SourceDate "2013.11.20"]
[SourceVersion "1"]
[SourceVersionDate "2013.11.20"]
[SourceQuality "1"]

1. e4 c5 2. Nf3 Nc6 3. d4 cxd4 4. Nxd4 e5 5. Nb5 d6 6. c4 Be7 7. Be2 Nf6 8. N1c3 0-0 9. Be3 a6 10. Na3 Be6 11. 0-0 Rc8 12. f3 Nd4 13. Bxd4 exd4 14. Nd5 Nxd5 15. cxd5 Bd7 16. Qxd4 Bf6 17. Qb4 b5 18. Kh1 Qc7 19. Qd2 Qa7 20. Nc2 Bxb2 21. Rab1 Bc3 22. Qd3 Bf6 23. f4 Rc3 24. Qd2 Rfc8 25. Nb4 Bd4 26. Bd3 Be3 27. Qb2 Qd4 28. Rbd1 a5 29. Nc2 Qc5 30. Nxe3 Qxe3 31. Bxb5 Rc2 32. Qb1 Qxe4 33. Rg1 Bxb5 34. Qxb5 Qb4 35. Qd7 R2c7 36. Qg4 Re8 37. Qg3 Qc3 38. Rd3 Qb2 39. Re3 Rce7 40. Rxe7 Rxe7 41. f5 Qe5 42. Qd3 h6 43. h3 Rc7 44. Rd1 Rc3 45. Qb5 Rc5 46. Qd3 h5 47. Qf3 h4 48. Rb1 Rc8 49. Qg4 Qg3 50. Rf1 Qxg4 51. hxg4 Rc2 52. Rb1 Rc5 53. Rd1 Kh7 54. g5 f6 55. gxf6 gxf6 56. Rd4 Kh6 57. Rg4 Rxd5 58. Rg6+ Kh5 59. Rxf6 Kg5 60. Rf8 Rxf5 61. Rd8 Rd5 62. Kh2 Rd3 63. Rg8+ Kf5 64. Rf8+ Ke6 65. Rf4 Ra3 66. Rf2 d5 67. Kg1 Ke5 68. Rb2 Ke4 69. Kf2 h3 70. Re2+ Kd4 71. gxh3 Rxh3 72. Rd2+ Kc4 73. Rc2+ Kb4 74. Rb2+ Ka4 75. Rb8 Rh2+ 76. Ke3 Rh4 77. Rd8 Rh5 78. Kd4 Ka3 79. Rxd5 Rxd5+ 80. Kxd5 Kxa2 81. Kc4 a4 82. Kc3 Ka1 83. Kb4 Kb2 84. Kxa4 1/2-1/2

[Event "Athens op 03-A"]
[Site "Athens"]
[Date "2012.03.06"]
[Round "1"]
[White "Nikomanis, Andreas"]
[Black "Goumas, Ioannis"]
[Result "0-1"]
[WhiteElo "2019"]
[BlackElo "2178"]
[PlyCount "102"]
[EventDate "2012.03.06"]
[EventType "swiss"]
[EventRounds "7"]
[EventCountry "GRE"]
[SourceTitle "EXT 2014"]
[Source "ChessBase"]
[SourceDate "2013.11.20"]
[SourceVersion "1"]
[SourceVersionDate "2013.11.20"]
[SourceQuality "1"]

1. e4 c5 2. Nf3 Nc6 3. d4 cxd4 4. Nxd4 e5 5. Nb5 d6 6. N1c3 a6 7. Na3 b5 8. Nd5 Nge7 9. Bg5 f6 10. Qh5+ g6 11. Nxf6+ Kf7 12. Qh4 h6 13. Nd5 hxg5 14. Qxh8 Qa5+ 15. c3 Bg7 16. Qh7 Be6 17. h4 Rh8 18. Qxh8 Bxh8 19. hxg5 Bg7 20. Nxe7 Nxe7 21. Nc2 Qa4 22. Bd3 Bc4 23. b3 Qa5 24. Bxc4+ bxc4 25. b4 Qb5 26. 0-0 Qc6 27. Rfe1 d5 28. a4 Qc7 29. b5 a5 30. Rad1 Qc5 31. Rb1 Nc8 32. exd5 Nb6 33. Ne3 e4 34. Ng4 Qxd5 35. Nh6+ Kf8 36. Rbd1 Qxg5 37. Rd6 Bxc3 38. Re3 Be5 39. Rxb6 Qxh6 40. g3 c3 41. Rc6 Bd4 42. Rxe4 Qd2 43. Rf4+ Kg7 44. Rc7+ Kh6 45. Kh1 Bb6 46. Rcf7 Qd5+ 47. Kh2 Qh5+ 48. Rh4 Qxh4+ 49. gxh4 c2 50. Rf6 c1Q 51. Rxb6 Qc7+ 0-1

[Event "Athens op 01-A"]
[Site "Athens"]
[Date "2012.01.10"]
[Round "1"]
[White "Goumas, Ioannis"]
[Black "Fragkou, Eleni"]
[Result "1-0"]
[WhiteElo "2174"]
[BlackElo "1956"]
[PlyCount "55"]
[EventDate "2012.01.10"]
[EventType "swiss"]
[EventRounds "7"]
[EventCountry "GRE"]
[SourceTitle "EXT 2014"]
[Source "ChessBase"]
[SourceDate "2013.11.20"]
[SourceVersion "1"]
[SourceVersionDate "2013.11.20"]
[SourceQuality "1"]

1. d4 Nf6 2. Nf3 g6 3. g3 Bg7 4. Bg2 0-0 5. 0-0 c6 6. Re1 d5 7. Nbd2 Ne4 8. Nxe4 dxe4 9. Ng5 Bxd4 10. Nxe4 Bg7 11. c3 Qc7 12. Bf4 e5 13. Bg5 Na6 14. Qd6 f6 15. Qxc7 Nxc7 16. Be3 Rd8 17. Rad1 Be6 18. Nc5 Bd5 19. Nxb7 Rdb8 20. Na5 Rxb2 21. Nxc6 Bxg2 22. Kxg2 Rxa2 23. Rd7 Nb5 24. Rb1 Nxc3 25. Rbb7 Bf8 26. Nd8 Ra6 27. Nf7 g5 28. Bc5 1-0

[Event "Athens Smaok 1900+ 13th"]
[Site "Athens"]
[Date "2011.11.22"]
[Round "3.6"]
[White "Koutoukidis, Panagiotis"]
[Black "Goumas, Ioannis"]
[Result "1/2-1/2"]
[WhiteElo "2084"]
[BlackElo "2170"]
[PlyCount "73"]
[EventDate "2011.11.08"]
[EventType "swiss"]
[EventRounds "7"]
[EventCountry "GRE"]
[SourceTitle "EXT 2024"]
[Source "ChessBase"]
[SourceDate "2023.10.10"]
[SourceVersion "1"]
[SourceVersionDate "2023.10.10"]
[SourceQuality "1"]

1. e4 c5 2. Nf3 Nc6 3. d4 cxd4 4. Nxd4 Nf6 5. Nc3 d6 6. Bg5 Bd7 7. Qd2 h6 8. Bxf6 gxf6 9. 0-0-0 Nxd4 10. Qxd4 Qa5 11. f4 Rc8 12. Kb1 Rg8 13. f5 h5 14. g3 Qc5 15. Be2 Qxd4 16. Rxd4 Rh8 17. h4 e6 18. Rf1 Be7 19. Rdd1 Rc5 20. Bd3 Bc6 21. Rde1 a5 22. Ne2 e5 23. Nc1 Ba4 24. b3 Bd7 25. c4 Rc8 26. Rg1 Bd8 27. Ne2 Bb6 28. Rg2 Bc5 29. Rd1 Ke7 30. Nc3 Bc6 31. Nd5+ Bxd5 32. cxd5 Ba3 33. Rc2 Rxc2 34. Kxc2 Bc5 35. Rd2 Be3 36. Re2 Rc8+ 37. Bc4 1/2-1/2

[Event "Nikaia op 19th"]
[Site "Nikaia"]
[Date "2011.08.29"]
[Round "5"]
[White "Goumas, Ioannis"]
[Black "Terzidaki, Alexandra"]
[Result "1-0"]
[WhiteElo "2202"]
[BlackElo "1938"]
[PlyCount "67"]
[EventDate "2011.08.26"]
[EventType "swiss"]
[EventRounds "9"]
[EventCountry "GRE"]
[SourceTitle "CBM 144 Extra"]
[Source "ChessBase"]
[SourceDate "2011.10.28"]
[SourceVersion "1"]
[SourceVersionDate "2011.10.28"]
[SourceQuality "1"]

1. Nf3 d5 2. d4 e6 3. c4 c5 4. cxd5 exd5 5. g3 Nc6 6. Bg2 Nf6 7. 0-0 Be7 8. Nc3 0-0 9. dxc5 d4 10. Na4 Bf5 11. Bd2 Ne4 12. b4 b5 13. cxb6 axb6 14. b5 Nb4 15. Bxb4 Bxb4 16. Nxd4 Rxa4 17. Nxf5 Nc3 18. Qc2 Ra3 19. e3 Qc7 20. Nd4 Qc4 21. Qf5 Bc5 22. Nf3 g6 23. Qg5 f6 24. Qh6 Rd8 25. Qh4 Qxh4 26. Nxh4 Rd2 27. Bc6 Rb2 28. Ng2 Kh8 29. Nf4 Nxb5 30. Rfd1 Nd6 31. Nd3 Rxd3 32. Rxd3 Nc4 33. Bd5 Ne5 34. Rdd1 1-0

[Event "Nikaia Fysiolatriko op 08th"]
[Site "Nikaia"]
[Date "2010.06.20"]
[Round "5"]
[White "Michelakos, Panagiotis"]
[Black "Goumas, Ioannis"]
[Result "1/2-1/2"]
[WhiteElo "2007"]
[BlackElo "2226"]
[PlyCount "68"]
[EventDate "2010.06.17"]
[EventType "swiss"]
[EventRounds "9"]
[EventCountry "GRE"]
[SourceTitle "EXT 2011"]
[Source "ChessBase"]
[SourceDate "2010.11.26"]
[SourceVersion "1"]
[SourceVersionDate "2010.11.26"]
[SourceQuality "1"]

1. e4 e6 2. d4 d5 3. Nd2 dxe4 4. Nxe4 Bd7 5. Nf3 Bc6 6. Bd3 Nd7 7. 0-0 Ngf6 8. Qe2 Be7 9. Rd1 Bxe4 10. Bxe4 Nxe4 11. Qxe4 c6 12. b3 0-0 13. Bb2 Qa5 14. a3 Qd5 15. Qe2 Qh5 16. c4 Rfe8 17. Qe3 Rad8 18. Rd2 Bf6 19. Re1 a6 20. Qe4 Qg6 21. Qxg6 hxg6 22. Red1 g5 23. h3 Kh7 24. Kf1 Kg6 25. Ke2 Be7 26. Ne5+ Nxe5 27. dxe5 Rxd2+ 28. Rxd2 Rd8 29. Rxd8 Bxd8 30. g4 Bb6 31. f3 f5 32. Kd3 Kf7 33. Bd4 Bc7 34. b4 b5 1/2-1/2

[Event "Aegean op 32nd"]
[Site "Aghios Kirykos"]
[Date "2009.07.19"]
[Round "9"]
[White "Maryasin, Boris Feliksovich"]
[Black "Goumas, Ioannis"]
[Result "1/2-1/2"]
[WhiteElo "2348"]
[BlackElo "2231"]
[PlyCount "52"]
[EventDate "2009.07.11"]
[EventType "swiss"]
[EventRounds "9"]
[EventCountry "GRE"]
[SourceTitle "CBM 131 Extra"]
[Source "ChessBase"]
[SourceDate "2009.09.03"]
[SourceVersion "2"]
[SourceVersionDate "2009.09.16"]
[SourceQuality "1"]

1. e4 c5 2. Nf3 d6 3. d4 cxd4 4. Nxd4 Nf6 5. Nc3 Bd7 6. f4 e5 7. Nf3 Bc6 8. Bc4 Be7 9. fxe5 Nxe4 10. Nxe4 Bxe4 11. exd6 Qxd6 12. Qxd6 Bxd6 13. Ng5 Bg6 14. Be3 0-0 15. 0-0-0 Be7 16. h4 h5 17. g4 Nc6 18. gxh5 Bxh5 19. Rd5 Rad8 20. Rf1 Rxd5 21. Bxd5 Rd8 22. c4 Nb4 23. Bxf7+ Bxf7 24. Rxf7 Bxg5 25. Bxg5 Nxa2+ 26. Kb1 Kxf7 1/2-1/2

[Event "Aegean op 32nd"]
[Site "Aghios Kirykos"]
[Date "2009.07.15"]
[Round "5"]
[White "Koepke, Christian"]
[Black "Goumas, Ioannis"]
[Result "1-0"]
[WhiteElo "2374"]
[BlackElo "2231"]
[PlyCount "45"]
[EventDate "2009.07.11"]
[EventType "swiss"]
[EventRounds "9"]
[EventCountry "GRE"]
[SourceTitle "CBM 131 Extra"]
[Source "ChessBase"]
[SourceDate "2009.09.03"]
[SourceVersion "2"]
[SourceVersionDate "2009.09.16"]
[SourceQuality "1"]

1. e4 c5 2. Nf3 d6 3. d4 cxd4 4. Nxd4 Nf6 5. Nc3 g6 6. Be3 Bg7 7. f3 0-0 8. Qd2 Nc6 9. Bc4 Bd7 10. Bb3 Rc8 11. 0-0-0 Nxd4 12. Bxd4 b5 13. h4 a5 14. h5 a4 15. Bxf6 exf6 16. Bd5 f5 17. hxg6 hxg6 18. g4 Rxc3 19. bxc3 b4 20. Qh2 Re8 21. Qxd6 Qe7 22. Qxg6 bxc3 23. Bxf7+ 1-0

[Event "Nikaia op 10th"]
[Site "Nikaia"]
[Date "2002.08.25"]
[Round "7"]
[White "Goumas, Ioannis"]
[Black "Vasiliou, Kostantinos"]
[Result "1-0"]
[WhiteElo "2195"]
[BlackElo "2072"]
[PlyCount "67"]
[EventDate "2002.08.19"]
[EventType "swiss"]
[EventRounds "9"]
[EventCountry "GRE"]
[SourceTitle "CBM 089 Extra"]
[Source "ChessBase"]
[SourceDate "2002.09.10"]
[SourceVersion "2"]
[SourceVersionDate "2002.09.10"]
[SourceQuality "1"]

1. Nf3 d5 2. g3 Nf6 3. Bg2 e6 4. 0-0 Be7 5. d3 c5 6. Nbd2 Nc6 7. e4 e5 8. exd5 Nxd5 9. Nc4 f6 10. a4 0-0 11. Re1 Be6 12. Nfd2 Qd7 13. a5 Rad8 14. Ne4 Ndb4 15. Bd2 f5 16. Bxb4 fxe4 17. Bc3 exd3 18. cxd3 Bxc4 19. dxc4 Qf5 20. Bd5+ Kh8 21. Qe2 Nd4 22. Bxd4 cxd4 23. Be4 Qf7 24. Bd3 Bc5 25. Qc2 Rde8 26. Re4 g6 27. a6 bxa6 28. Rae1 Re6 29. f4 Rfe8 30. fxe5 Qg7 31. Qa4 Rxe5 32. Qxe8+ Rxe8 33. Rxe8+ Bf8 34. Rf1 1-0

[Event "Nikaia op 10th"]
[Site "Nikaia"]
[Date "2002.08.24"]
[Round "6"]
[White "Kiriazis, Dimitrios"]
[Black "Goumas, Ioannis"]
[Result "0-1"]
[WhiteElo "2018"]
[BlackElo "2195"]
[PlyCount "64"]
[EventDate "2002.08.19"]
[EventType "swiss"]
[EventRounds "9"]
[EventCountry "GRE"]
[SourceTitle "CBM 089 Extra"]
[Source "ChessBase"]
[SourceDate "2002.09.10"]
[SourceVersion "2"]
[SourceVersionDate "2002.09.10"]
[SourceQuality "1"]

1. e4 c5 2. Nf3 d6 3. d4 cxd4 4. Nxd4 Nf6 5. Nc3 e5 6. Bb5+ Nbd7 7. Nf5 a6 8. Bc4 b5 9. Bd5 Nxd5 10. Nxd5 Nb6 11. Nxb6 Qxb6 12. Be3 Qc6 13. Ng3 Be7 14. 0-0 0-0 15. Qd3 Be6 16. Rfd1 Rfd8 17. c3 d5 18. exd5 Rxd5 19. Qe2 Rad8 20. Rxd5 Qxd5 21. h3 f5 22. Nf1 f4 23. Bd2 Rd6 24. f3 Bf5 25. Be1 Bd3 26. Qf2 Rg6 27. Kh1 e4 28. Nh2 e3 29. Qg1 Bf5 30. Qf1 Bd3 31. Qg1 Bc5 32. a3 Qb3 0-1

[Event "Nikaia op 10th"]
[Site "Nikaia"]
[Date "2002.08.23"]
[Round "5"]
[White "Karagianni, Evangelia"]
[Black "Goumas, Ioannis"]
[Result "0-1"]
[WhiteElo "2042"]
[BlackElo "2195"]
[PlyCount "41"]
[EventDate "2002.08.19"]
[EventType "swiss"]
[EventRounds "9"]
[EventCountry "GRE"]
[SourceTitle "CBM 089 Extra"]
[Source "ChessBase"]
[SourceDate "2002.09.10"]
[SourceVersion "2"]
[SourceVersionDate "2002.09.10"]
[SourceQuality "1"]

1. e4 e6 2. d4 d5 3. exd5 exd5 4. Bd3 Bd6 5. Ne2 Ne7 6. 0-0 0-0 7. Ng3 c5 8. c3 cxd4 9. cxd4 Nbc6 10. Nc3 Bxg3 11. hxg3 Bf5 12. Bxf5 Nxf5 13. g4 Nfe7 14. Ne2 Qd7 15. f3 Rac8 16. Bf4 Ng6 17. Bg3 Rfe8 18. Bf2 f5 19. gxf5 Qxf5 20. Nc3 Qg5 21. Ne2 0-1

[Event "Nikaia op 10th"]
[Site "Nikaia"]
[Date "2002.08.21"]
[Round "3"]
[White "Goumas, Ioannis"]
[Black "Rizos, Georgios"]
[Result "1-0"]
[WhiteElo "2195"]
[BlackElo "2026"]
[PlyCount "93"]
[EventDate "2002.08.19"]
[EventType "swiss"]
[EventRounds "9"]
[EventCountry "GRE"]
[SourceTitle "CBM 089 Extra"]
[Source "ChessBase"]
[SourceDate "2002.09.10"]
[SourceVersion "2"]
[SourceVersionDate "2002.09.10"]
[SourceQuality "1"]

1. e4 c5 2. c3 g6 3. d4 cxd4 4. cxd4 Bg7 5. Nc3 Nc6 6. Nf3 d6 7. Bc4 Nf6 8. h3 0-0 9. 0-0 Bd7 10. Re1 Rc8 11. Bg5 Na5 12. Bb3 Bc6 13. Ba4 h6 14. Bf4 Nc4 15. Bxc6 Rxc6 16. b3 Nb6 17. Rc1 Qc8 18. Qd3 a6 19. Ne2 d5 20. e5 Ne4 21. Nd2 Nxd2 22. Qxd2 Kh7 23. Qb4 Re8 24. Rxc6 Qxc6 25. Rc1 Qe6 26. Rc7 a5 27. Qb5 Rb8 28. Bd2 f6 29. Bxa5 Na8 30. Rxb7 Rxb7 31. Qxb7 fxe5 32. Qxa8 exd4 33. Kf1 Qe4 34. Nc1 d3 35. Bd2 e5 36. Qa6 Qf5 37. Qxd3 e4 38. Qe2 d4 39. Kg1 d3 40. Qg4 h5 41. Qxf5 gxf5 42. Kf1 f4 43. a4 Bh6 44. b4 e3 45. fxe3 fxe3 46. Bxe3 Bxe3 47. Nxd3 1-0

[Event "Heraklion op 6th"]
[Site "Heraklion"]
[Date "2002.06.05"]
[Round "8"]
[White "Korlotsidis, Spiridon"]
[Black "Goumas, Ioannis"]
[Result "0-1"]
[WhiteElo "2039"]
[BlackElo "2206"]
[PlyCount "120"]
[EventDate "2002.06.10"]
[EventType "swiss"]
[EventRounds "9"]
[EventCountry "GRE"]
[SourceTitle "EXT 2004"]
[Source "ChessBase"]
[SourceDate "2003.11.25"]
[SourceVersion "1"]
[SourceVersionDate "2003.11.25"]
[SourceQuality "1"]

1. c4 g6 2. g3 Bg7 3. Bg2 Nf6 4. Nf3 0-0 5. 0-0 d6 6. Nc3 e5 7. d3 Nbd7 8. Bd2 Re8 9. Qc2 c6 10. Rac1 a6 11. b4 Nf8 12. a4 a5 13. b5 Ne6 14. Ng5 Nd4 15. Qa2 h6 16. Nf3 c5 17. e3 Nxf3+ 18. Bxf3 Rb8 19. Bg2 b6 20. e4 Nh5 21. Rce1 Kh7 22. Nd5 Be6 23. Ne3 f5 24. f4 exf4 25. gxf4 Qh4 26. Rf3 fxe4 27. dxe4 Bd4 28. f5 Bf7 29. Rh3 Qf6 30. Kh1 Bxe3 31. Bxe3 g5 32. Bf3 Nf4 33. Rg3 Qc3 34. Qd2 Qxd2 35. Bxd2 Nd3 36. Re3 Ne5 37. Be2 Bxc4 38. Bh5 Bf7 39. Bxf7 Nxf7 40. Re2 d5 41. h4 Rxe4 42. Rxe4 dxe4 43. hxg5 Nxg5 44. Bxg5 hxg5 45. Rxg5 Rg8 46. Rh5+ Kg7 47. Kg1 Rc8 48. Kf2 c4 49. Ke2 e3 50. Rg5+ Kf7 51. Kxe3 c3 52. Rg1 c2 53. Rc1 Kf6 54. Ke4 Rc5 55. Kd4 Kxf5 56. Rf1+ Ke6 57. Rc1 Kd6 58. Kd3 Kd5 59. Ke3 Rc4 60. Kd3 Kc5 0-1